| 000 | 00873nam a2200241 a 4500 | ||
|---|---|---|---|
| 001 | 47771 | ||
| 003 | BD-RjUL | ||
| 005 | 20211209054406.0 | ||
| 008 | 160810s1986 ii ||||| |||| 00| 0 ben d | ||
| 020 | _c: Tk. 20.00 | ||
| 035 | _a(BD-RjUL)47890 | ||
| 040 |
_aBD-RjUL _bben _cBD-RjUL |
||
| 041 | _aben | ||
| 082 |
_223 _a792 _bROP 1986 |
||
| 100 | 1 |
_aরলাঁ, রম্যাঁ _9145070 |
|
| 245 | 1 | 0 | _aপিপলস থিয়েটার / |
| 260 |
_aকলিকাতা : _bপুস্তক বিপণি, _c১৯৮৬ |
||
| 300 |
_a১৪৪ পৃ. ; _c১৯ সেমি. |
||
| 650 |
_aথিয়েটার, পারফর্মিং আর্টস _9145071 |
||
| 650 |
_aTheater, performing arts _9145072 |
||
| 700 |
_aচক্রবর্তী, রথীন, অনুবাদ ও সম্পাদক _9145073 |
||
| 942 |
_2ddc _cBK |
||
| 999 |
_c47771 _d47771 |
||